Blockchain for smart systems : (Record no. 51329)

MARC details
000 -LEADER
fixed length control field 00703nam a2200241Ia 4500
005 - DATE AND TIME OF LATEST TRANSACTION
control field 20260429111910.0
008 - FIXED-LENGTH DATA ELEMENTS--GENERAL INFORMATION
fixed length control field 260429s9999||||xx |||||||||||||| ||und||
020 ## - INTERNATIONAL STANDARD BOOK NUMBER
International Standard Book Number 9781041203216
041 ## - LANGUAGE CODE
Language English
082 ## - DEWEY DECIMAL CLASSIFICATION NUMBER
Classification number 005.8
Item number MAL
100 ## - MAIN ENTRY--PERSONAL NAME
Personal name Malik, Latesh
245 #0 - TITLE STATEMENT
Title Blockchain for smart systems :
Remainder of title computing technologies and applications /
Statement of responsibility, etc Latesh Malik
260 ## - PUBLICATION, DISTRIBUTION, ETC. (IMPRINT)
Place of publication, distribution, etc Boca Raton :
Name of publisher, distributor, etc CRC Press,
Date of publication, distribution, etc 2022.
300 ## - PHYSICAL DESCRIPTION
Extent xvi, 196 p.; hb
440 ## - SERIES STATEMENT/ADDED ENTRY--TITLE
Title Blockchain for smart and green society
650 ## - SUBJECT ADDED ENTRY--TOPICAL TERM
Topical term or geographic name as entry element Blockchain
650 ## - SUBJECT ADDED ENTRY--TOPICAL TERM
Topical term or geographic name as entry element Data security
650 ## - SUBJECT ADDED ENTRY--TOPICAL TERM
Topical term or geographic name as entry element Computer science
700 ## - ADDED ENTRY--PERSONAL NAME
Personal name Arora, Sandhya
700 ## - ADDED ENTRY--PERSONAL NAME
Personal name Deshpande, Vivek
700 ## - ADDED ENTRY--PERSONAL NAME
Personal name Shrawankar, Urmila
942 ## - ADDED ENTRY ELEMENTS (KOHA)
Koha item type Text Books
Holdings
Withdrawn status Lost status Damaged status Not for loan Collection code Home library Location Shelving location Date of Cataloging Source of acquisition Total Checkouts Full call number Barcode Date last seen Price effective from Koha item type
        Non-fiction CUTN Central Library CUTN Central Library Generalia 29/04/2026 Shanti Books, Chennai - Invoice No. 3100 on 09-02-2026   005.8 MAL 56274 29/04/2026 29/04/2026 Text Books